Medio ambiente y salud mental /
محفوظ في:
| المؤلف الرئيسي: | |
|---|---|
| التنسيق: | نص |
| الوسوم: |
إضافة وسم
لا توجد وسوم, كن أول من يضع وسما على هذه التسجيلة!
|
MARC
| LEADER | 00000 a a2200000 04500 | ||
|---|---|---|---|
| 001 | 9516 | ||
| 003 | |||
| 040 | |||
| 100 | |a Matrajt, Miguel | ||
| 245 | |a Medio ambiente y salud mental / |c Miguel Matrajt | ||
| 773 | |g volumen 9, número 36; páginas 19-28 | ||
| 999 | |c 29638 |d 29638 | ||
